| 000 | 00651nam a22001937a 4500 | ||
|---|---|---|---|
| 005 | 20241212164206.0 | ||
| 010 | _aENG-143023 | ||
| 020 |
_a9789382829058 _c280.00 |
||
| 035 | _aEN-126555 | ||
| 037 | _bDBAD | ||
| 082 | _a530 | ||
| 100 |
_aRao, P. Koteswara _975107 |
||
| 245 |
_aSemiconductor Physics/ _cBy P. Koteswara Rao [and] Rizwana |
||
| 260 |
_bSpectrum Publications _c2019 _aHyderabad |
||
| 270 |
_a#326/C, III Floor, Surneni Nilayam Near B K Guda Park S R nagar, _bHyderabad _e500038 _k+91-4023710657 _k+91-40238000657 |
||
| 300 |
_a330p. _c24cm(pb) |
||
| 700 |
_aRizwana _eAuthor _975108 |
||
| 942 |
_2ddc _cEN _h530 _mRAO |
||
| 999 |
_c207658 _d207658 |
||